000 00422nam a2200157Ia 4500
008 220216s9999 xx 000 0 und d
100 _aMd Said Mohd Akbar
245 0 _aR&D in transformation programme for the natural rubber industry
260 _bThe Planter
_c2012
300 _a629-643
650 _aNKEA
650 _aRubber R&D
650 _aTransformation programme
700 _aAbd Ghani Embong
942 _cJS
999 _c66228
_d66228